00409nam a2200157Ia 4500003000400000008004100004040001600045082001300061100001800074245004600092260004000138300001000178490002600188650001500214650002200229GCL140319s9999 xx 000 0 eng d aGCL / cGCL04a843bZ U1 aZWEIG, STEFAN10aUN CAPRICE DU BONAPARTE / cZWEIG, STEFAN a[S.N] : bBERNARD GRASSET ، c1993 a205 P aLES CAHIERS ROUGESv004aLITERATURE04aFRENCH LITERATURE